000 00616nam a2200217Ia 4500
003 OSt
005 20220925200324.0
006 a|||||r|||| 00| 0
007 ta
008 220923b |||||||| |||| 00| 0 eng d
037 _cGeneral Book
040 _aRTL
_cRTL
_beng
041 _2eng
_aeng
082 _aV2,4N21y7M87, J1/SC
100 _aROY M N
245 0 _aMaterialism
_b Outline of the history of scientific thought.
260 _aDelhi
_bAjanta pub.
_c1982
300 _axii,252p.
_ccm.
942 _hV2,4N21y7M87, J1/SC
_cGB
_2CC
999 _c536180
_d536180